Vista normal Vista MARC

Entrada Topical Term

Número de registros utilizados en: 1

001 - CONTROL NUMBER

  • control field: 64715

003 - CONTROL NUMBER IDENTIFIER

  • control field: OSt

005 - DATE AND TIME OF LATEST TRANSACTION

  • control field: 20250904163402.0

008 - FIXED-LENGTH DATA ELEMENTS

  • fixed length control field: 250904|| aca||aabn | a|a d

040 ## - CATALOGING SOURCE

  • Original cataloging agency: OSt
  • Transcribing agency: OSt

150 ## - HEADING--TOPICAL TERM

  • Topical term or geographic name entry element: Niños refugiados
  • Form subdivision: Álbum

670 ## - SOURCE DATA FOUND

  • Source citation: Work cat.: (OSt)8799: McCarney, Rosemary A. 1953 autor 61857, ¿Dónde viviré‚? /









Instituto Departamental de Cultura del Meta - Red Departamental de Bibliotecas Públicas del Meta.